| 000 | 01231nam a2200349Ia 4500 | ||
|---|---|---|---|
| 001 | 050809 | ||
| 008 | 221003m2016 xx 000 0 spa d | ||
| 035 | _aCENDO_40655 | ||
| 041 | _aspa | ||
| 111 | 2 |
_aDIA INTERNACIONAL DE LA ELIMINACION DE LA VIOLENCIA CONTRA LA MUJER _d2016 _929655 |
|
| 245 | 0 |
_a<[>Manifiesto del] 25 de noviembre, Día Internacional contra la Violencia de género [2016] : _b<¡>es el tiempo de las mujeres! / _cFederación de Servicios a la Ciudadanía de CCOO |
|
| 260 |
_a[S.l. : _bFSC, _c2016] |
||
| 300 |
_a1 p. ; _c 30 cm |
||
| 650 |
_aMUJERES _9199 |
||
| 650 | 0 |
_aVIOLENCIA _92442 |
|
| 650 | 0 |
_aIGUALDAD DE OPORTUNIDADES _9590 |
|
| 650 |
_aDISCRIMINACION POR RAZONES DE SEXO _9201 |
||
| 650 |
_aCONDICIONES ECONOMICAS _9171 |
||
| 650 |
_aAJUSTE ESTRUCTURAL _91105 |
||
| 650 |
_aIGUALDAD DE DERECHOS _91832 |
||
| 650 | 0 |
_aDIA INTERNACIONAL DE LA ELIMINACION DE LA VIOLENCIA CONTRA LA MUJER _910927 |
|
| 650 | 0 |
_aACTITUD SINDICAL _961 |
|
| 650 |
_aCCOO _960 |
||
| 710 | 2 |
_aCCOO _bFSC _926952 |
|
| 856 |
_zPDF _uhttp://docpublicos.ccoo.es/cendoc/050809FSC2016Manifiesto25N.pdf |
||
| 901 | _a2 | ||
| 903 | _aNO | ||
| 904 | _a000 | ||
| 910 | _a2016 | ||
| 942 |
_cDOCU_ELEC _2ddc |
||
| 999 |
_c40654 _d40654 |
||